00480nam a2200169Ia 4500008004100000020001400041050002600055100002100081245004700102260003500149300003300184521000700217526000800224650003400232650002200266650002200288140306s9999 xx 000 0 und d a439832985 aPZ 8.3 b.M127Gr 2006 aMaccarone, Grace aGraduation day is here! /cGrace Maccarone aUSA :bScholastic Inc,cc2006. a30 p. :bcol. Ill. ;c18 cm. aG2 c370 aGraduation (School)xFiction. aSchoolsxFiction. aStories in rhyme.